000 00424nam a2200169 a 4500
001 0000-9373
003 ELIB.Books
008 110520 1969
035 _a(ELIB.Books)0000-9525
082 _a150
_bPow
100 _aPowell, John
245 _aWhy am I Afraid to tell you
260 _bChicago: Argus Communications
_c1969
650 _aPsychology
942 _2ddc
_cBK
998 _cbat
_e2011-05-20
999 _c9373
_d9373